[Event "Lliga Catalana DH Final B"]
[Site "?"]
[Date "2015.04.11"]
[Round "10.1"]
[White "Dvirnyy, D."]
[Black "Muñoz Pantoja, MA."]
[Result "1/2-1/2"]
[WhiteElo "2582"]
[BlackElo "2482"]
[PlyCount "78"]
[EventDate "2015.??.??"]
[EventType "team"]

1. e4 c5 2. Nf3 Nc6 3. d4 cxd4 4. Nxd4 e5 5. Nb5 d6 6. c4 Be7 7. N1c3 a6 8. Na3
Be6 9. Be2 Bg5 10. O-O Bxc1 11. Rxc1 Nge7 12. Bg4 O-O 13. Bxe6 fxe6 14. Nc2 Ng6
15. Qd2 Nh4 16. Ne2 Qf6 17. f3 Rad8 18. Rcd1 Qe7 19. Qe3 Qc7 20. g3 Ng6 21. Rd2
Nce7 22. Qb3 Rf7 23. Kg2 d5 24. cxd5 exd5 25. exd5 Rxd5 26. Rfd1 Rxd2 27. Rxd2
Qc6 28. Rd8+ Nf8 29. Qd3 Nf5 30. Nc3 Qb6 31. Rc8 Qxb2 32. Ne4 Qxa2 33. Ng5 Rf6
34. g4 h6 35. gxf5 hxg5 36. Kg3 Qb1 37. Kg2 Qa2 38. Kg3 Qb1 39. Kg2 Qa2 1/2-1/2

[Event "Lliga Catalana DH Final B"]
[Site "?"]
[Date "2015.04.11"]
[Round "10.2"]
[White "Pablo Mari, A."]
[Black "Rodriguez Cespedes, A."]
[Result "1/2-1/2"]
[WhiteElo "2442"]
[BlackElo "2463"]
[PlyCount "52"]
[EventDate "2015.??.??"]
[EventType "team"]

1. e4 e5 2. Nf3 Nc6 3. Bb5 a6 4. Ba4 Nf6 5. O-O Be7 6. Re1 b5 7. Bb3 d6 8. c3
O-O 9. h3 Nb8 10. d4 Nbd7 11. Nbd2 Bb7 12. Bc2 Re8 13. Nf1 Bf8 14. Ng3 g6 15.
a4 c5 16. d5 c4 17. Bg5 h6 18. Be3 Qc7 19. Qd2 Kh7 20. Ra3 Nc5 21. Rea1 Nfd7
22. Qd1 Nb6 23. axb5 axb5 24. Rxa8 Bxa8 25. h4 Bb7 26. h5 Nba4 1/2-1/2

[Event "Lliga Catalana DH Final B"]
[Site "?"]
[Date "2015.04.11"]
[Round "10.3"]
[White "Alarcon Casellas, R."]
[Black "Pomes Marcet, J."]
[Result "1/2-1/2"]
[WhiteElo "2503"]
[BlackElo "2397"]
[PlyCount "65"]
[EventDate "2015.??.??"]
[EventType "team"]

1. e4 e6 2. d4 d5 3. Nd2 c5 4. exd5 Qxd5 5. Ngf3 cxd4 6. Bc4 Qd7 7. O-O Nc6 8.
Nb3 Nf6 9. Nbxd4 Nxd4 10. Nxd4 a6 11. Re1 Bc5 12. c3 O-O 13. Bg5 Bxd4 14. cxd4
Nd5 15. Qf3 b5 16. Bxd5 Qxd5 17. Qxd5 exd5 18. Re7 Be6 19. Bf4 Rfc8 20. Bd6 Rc2
21. b4 h6 22. h3 a5 23. bxa5 Rxa5 24. a3 Ra6 25. Bb4 Bf5 26. Re5 Be4 27. f3 Rg6
28. fxe4 Rgxg2+ 29. Kh1 Rh2+ 30. Kg1 Rhg2+ 31. Kh1 Rh2+ 32. Kg1 Rhg2+ 33. Kh1
1/2-1/2

[Event "Lliga Catalana DH Final B"]
[Site "?"]
[Date "2015.04.11"]
[Round "10.4"]
[White "Ubach Miralda, M."]
[Black "Vidarte Morales, A."]
[Result "0-1"]
[WhiteElo "2391"]
[BlackElo "2427"]
[PlyCount "76"]
[EventDate "2015.??.??"]
[EventType "team"]

1. e4 c5 2. Nf3 g6 3. d4 cxd4 4. Nxd4 Bg7 5. Nc3 Nc6 6. Be3 d6 7. Bc4 Nf6 8.
Bb3 O-O 9. f3 Bd7 10. Qd2 Rc8 11. O-O-O Ne5 12. Kb1 Re8 13. h4 h5 14. Bh6 Bh8
15. g4 Qa5 16. gxh5 Nxh5 17. Qg5 Rxc3 18. bxc3 Bf6 19. Qg1 Qxc3 20. Bc1 e6 21.
Bb2 Qc5 22. Rf1 Rc8 23. f4 Nc4 24. Bxc4 Qxc4 25. f5 e5 26. fxg6 exd4 27. gxf7+
Kxf7 28. Qg5 Rc5 29. Qh6 Be6 30. Rf2 Rb5 31. Kc1 Qb4 32. Ba1 Qa3+ 33. Kd2 Qa5+
34. Kd3 Qb4 35. e5 Bc4+ 36. Ke4 Rxe5+ 37. Kf3 Bd5+ 38. Kg4 d3+ 0-1

[Event "Lliga Catalana DH Final B"]
[Site "?"]
[Date "2015.04.11"]
[Round "10.5"]
[White "Vehi Bach, VM."]
[Black "Simon Padros, E."]
[Result "1/2-1/2"]
[WhiteElo "2414"]
[BlackElo "2327"]
[PlyCount "46"]
[EventDate "2015.??.??"]
[EventType "team"]

1. e4 e6 2. d4 d5 3. Nc3 Bb4 4. e5 c5 5. a3 Bxc3+ 6. bxc3 Qa5 7. Bd2 Qa4 8. Qb1
c4 9. Ne2 Nc6 10. g3 Bd7 11. Bg2 O-O-O 12. O-O f6 13. exf6 Nxf6 14. Qb2 b6 15.
h4 Rhe8 16. Bg5 Rf8 17. Rfe1 h6 18. Bf4 Be8 19. Bh3 Bf7 20. Be5 Nxe5 21. dxe5
Ne8 22. Nd4 Nc7 23. Qc1 Rde8 1/2-1/2

[Event "Lliga Catalana DH Final B"]
[Site "?"]
[Date "2015.04.11"]
[Round "10.6"]
[White "Armengol Comas, J."]
[Black "Gonzalez Rodriguez, RO."]
[Result "0-1"]
[WhiteElo "2320"]
[BlackElo "2320"]
[PlyCount "106"]
[EventDate "2015.??.??"]
[EventType "team"]

1. e4 c5 2. d3 e6 3. g3 Nc6 4. Bg2 Nf6 5. Nf3 d6 6. O-O Be7 7. Re1 O-O 8. c3
Bd7 9. Na3 a6 10. Nc2 Rc8 11. d4 cxd4 12. Nfxd4 Qc7 13. f4 Rfd8 14. Bd2 Bf8 15.
Kh1 d5 16. e5 Ne4 17. Be3 Ne7 18. a4 Nf5 19. Nxf5 exf5 20. a5 Be6 21. Nd4 Bc5
22. Qb3 Qe7 23. Rad1 g6 24. Bxe4 fxe4 25. Nxe6 fxe6 26. Bxc5 Rxc5 27. Qb4 Rdc8
28. Rd4 Qc7 29. Ra1 Rb5 30. Qa3 Qc5 31. Qa2 Qe7 32. h4 Qf7 33. Kg2 Qf5 34. Rf1
e3 35. Kf3 Qc2 36. Qb1 e2 37. Re1 Rxc3+ 38. Kf2 Rxb2 39. Qxc2 Rcxc2 40. Rd3 Kf7
41. Re3 Rc5 42. R1xe2 Rxe2+ 43. Kxe2 Rxa5 44. Rc3 Rb5 45. Rc7+ Kg8 46. Kf3 h6
47. Kg4 d4 48. Rd7 Rd5 49. Rxb7 d3 50. Rb1 d2 51. Rd1 a5 52. Kf3 a4 53. Ke2 a3
0-1

[Event "Lliga Catalana DH Final B"]
[Site "?"]
[Date "2015.04.11"]
[Round "10.7"]
[White "Fernandez Cazorla, A."]
[Black "Sadrija, E."]
[Result "0-1"]
[WhiteElo "2322"]
[BlackElo "2278"]
[PlyCount "136"]
[EventDate "2015.??.??"]
[EventType "team"]

1. Nf3 c5 2. c4 Nc6 3. d4 cxd4 4. Nxd4 g6 5. g3 Bg7 6. Nc2 Ne5 7. Ne3 Nf6 8.
Bg2 O-O 9. O-O Qc7 10. Qb3 e6 11. Nc3 Rb8 12. Nb5 Qb6 13. Rd1 a6 14. Nd6 Qc7
15. f4 Nc6 16. Qd3 Rd8 17. Rb1 Nb4 18. Qa3 Qc5 19. Kh1 Bf8 20. Nxc8 Rdxc8 21.
Qc3 Be7 22. Ra1 a5 23. a3 Nc6 24. a4 Rd8 25. Bd2 b6 26. Be1 Qh5 27. Bf3 Qh6 28.
Bf2 Qg7 29. g4 Bb4 30. Qc2 Bc5 31. g5 Ne8 32. Bxc6 dxc6 33. Ng4 Bxf2 34. Nxf2
h6 35. h4 hxg5 36. hxg5 e5 37. Ng4 exf4 38. Qe4 Qxb2 39. Qe7 Nd6 40. Rab1 Qc2
41. Nh6+ Kh7 42. Nxf7 Rb7 43. Qxd8 Qe4+ 44. Kg1 Nxf7 45. Qd4 Qe7 46. Qxf4 Nxg5
47. Qh4+ Kg8 48. Qg4 Qe3+ 49. Kg2 Re7 50. Rd8+ Kg7 51. Rd7 Rxd7 52. Qxd7+ Nf7
53. Qd3 Qg5+ 54. Qg3 Qd2 55. Qd3 Qg5+ 56. Qg3 Qc5 57. Qc3+ Ne5 58. Rd1 Kf6 59.
Rf1+ Kg7 60. Rf4 Qd6 61. Re4 Kf6 62. Qg3 g5 63. Qh2 Kf5 64. Qh7+ Ng6 65. Re3
Kf6 66. Qh6 g4 67. Re4 Kf5 68. Re3 Nf4+ 0-1

[Event "Lliga Catalana DH Final B"]
[Site "?"]
[Date "2015.04.11"]
[Round "10.8"]
[White "Del Amo Carbo, J."]
[Black "Asensio Liñan, T."]
[Result "0-1"]
[WhiteElo "2207"]
[BlackElo "2254"]
[PlyCount "88"]
[EventDate "2015.??.??"]
[EventType "team"]

1. d4 d5 2. c4 Bf5 3. Nc3 e6 4. e3 c6 5. Nf3 Nd7 6. Be2 Bd6 7. h3 h6 8. a3 Ngf6
9. O-O O-O 10. b4 a6 11. Bb2 Re8 12. Qb3 Qe7 13. c5 Bc7 14. Na4 Ne4 15. Rad1
Qf6 16. Nc3 Ng5 17. Nxg5 Qxg5 18. f4 Qg6 19. Rd2 Bxh3 20. Bf3 Nf6 21. Nd1 Bg4
22. Bxg4 Qxg4 23. Qd3 Ne4 24. Nf2 Qf5 25. Nxe4 dxe4 26. Qc3 Bd8 27. g4 Qd5 28.
Rg2 a5 29. g5 hxg5 30. fxg5 axb4 31. Qxb4 Bxg5 32. Bc1 Re7 33. Qe1 f6 34. Qg3
e5 35. Qh3 exd4 36. Rh2 Bh6 37. Rg2 Bxe3+ 38. Bxe3 dxe3 39. Rxf6 Qd4 40. Rh6
e2+ 41. Kh2 Qe5+ 42. Rg3 e1=Q 43. Rh8+ Kf7 44. Rxa8 Qf2+ 0-1

[Event "Lliga Catalana DH Final B"]
[Site "?"]
[Date "2015.04.11"]
[Round "10.9"]
[White "Soler Rionegro, A."]
[Black "Flores de Paco, D."]
[Result "0-1"]
[WhiteElo "2051"]
[BlackElo "2147"]
[PlyCount "70"]
[EventDate "2015.??.??"]
[EventType "team"]

1. e4 d6 2. d4 Nf6 3. Nc3 e5 4. dxe5 dxe5 5. Qxd8+ Kxd8 6. Bg5 Be6 7. O-O-O+
Nbd7 8. Nd5 Kc8 9. f3 c6 10. Nc3 Bb4 11. Nge2 b5 12. a3 Ba5 13. Bd2 Bb6 14. Kb1
a5 15. Nc1 Kc7 16. f4 b4 17. Na4 Nxe4 18. Nxb6 Nxb6 19. Nd3 Bg4 20. Re1 Nxd2+
21. Kc1 Ndc4 22. Nxe5 Nxe5 23. Rxe5 Rhe8 24. Rg5 Re1+ 25. Kd2 Rd1+ 26. Ke3 Re8+
27. Kf2 Be6 28. Rg1 Rd2+ 29. Kg3 Rxc2 30. Rxa5 Rxb2 31. axb4 Rxb4 32. f5 Bd5
33. Ba6 Re3+ 34. Kf2 Rc3 35. Ra2 Bxa2 0-1

[Event "Lliga Catalana DH Final B"]
[Site "?"]
[Date "2015.04.11"]
[Round "10.10"]
[White "Arus Blanch, D."]
[Black "De la Fuente Clemente, C."]
[Result "1-0"]
[WhiteElo "2105"]
[BlackElo "2066"]
[PlyCount "95"]
[EventDate "2015.??.??"]
[EventType "team"]

1. e4 e5 2. Nf3 Nc6 3. Bb5 Bc5 4. O-O d6 5. h3 f5 6. d3 Nf6 7. Nc3 Bd7 8. Bg5
h6 9. Bxf6 gxf6 10. Nh4 h5 11. Nxf5 Bxf5 12. exf5 a6 13. Bxc6+ bxc6 14. Na4 Ba7
15. c4 Qe7 16. Qf3 Kd7 17. Rac1 Bd4 18. Nc3 Rag8 19. b4 Rg5 20. Ne4 Rg7 21. Kh1
Rhg8 22. g3 Qf7 23. Qxh5 Qf8 24. Qf3 Rh7 25. Kg2 Rgh8 26. Rh1 Qg7 27. Qg4 Qe7
28. a4 d5 29. cxd5 cxd5 30. Nc5+ Bxc5 31. Rxc5 c6 32. h4 Rg7 33. Qf3 e4 34.
dxe4 dxe4 35. Qf4 e3 36. Re1 e2 37. Qd2+ Qd6 38. Qxd6+ Kxd6 39. Rxe2 Rxh4 40.
Re6+ Kd7 41. Rexc6 Rxb4 42. Rxa6 Rgg4 43. Rca5 Ke7 44. Re6+ Kf7 45. Ra7+ Kf8
46. Rxf6+ Kg8 47. Rg6+ Rxg6 48. fxg6 1-0

[Event "Lliga Catalana DH Final B"]
[Site "?"]
[Date "2015.04.11"]
[Round "10.1"]
[White "Cuartas Medina, JA."]
[Black "Guerra Mendez, JA."]
[Result "1/2-1/2"]
[WhiteElo "2541"]
[BlackElo "2442"]
[PlyCount "87"]
[EventDate "2015.??.??"]
[EventType "team"]

1. e4 e5 2. Nf3 Nc6 3. Bb5 a6 4. Ba4 Nf6 5. O-O Be7 6. Re1 b5 7. Bb3 d6 8. c3
O-O 9. h3 Na5 10. Bc2 c5 11. d4 Qc7 12. d5 Bd7 13. b3 Nb7 14. Nbd2 g6 15. Nf1
Nh5 16. Bh6 Ng7 17. Qd2 f6 18. g4 Nd8 19. Ng3 Nf7 20. Be3 Rfc8 21. c4 bxc4 22.
bxc4 Rcb8 23. Reb1 Bd8 24. Qc3 Qa5 25. Bd2 Qxc3 26. Bxc3 Kf8 27. Kg2 Ke7 28.
Nd2 Bc7 29. f3 h5 30. gxh5 Nxh5 31. Nxh5 gxh5 32. h4 Nh8 33. Rxb8 Rxb8 34. Kf2
Ng6 35. Nf1 Nxh4 36. Ng3 Ba5 37. Bxa5 Rb2 38. Rc1 Ba4 39. Nxh5 Bxc2 40. Kg3 Ng6
41. Ng7 Rxa2 42. Bb6 Rb2 43. Ba5 Ra2 44. Bb6 1/2-1/2

[Event "Lliga Catalana DH Final B"]
[Site "?"]
[Date "2015.04.11"]
[Round "10.2"]
[White "Oratovsky, M."]
[Black "Matnadze, A."]
[Result "1-0"]
[WhiteElo "2530"]
[BlackElo "2499"]
[PlyCount "49"]
[EventDate "2015.??.??"]
[EventType "team"]

1. e4 c6 2. d4 g6 3. Nf3 Bg7 4. c3 d5 5. Nbd2 Nh6 6. h4 Nd7 7. h5 dxe4 8. Nxe4
Nf6 9. Bxh6 Bxh6 10. hxg6 hxg6 11. Neg5 Ng4 12. Bc4 e6 13. Rh4 b5 14. Bb3 f5
15. Qe2 Qf6 16. Nxe6 Bxe6 17. Qxe6+ Qxe6+ 18. Bxe6 Ke7 19. Bb3 Kf6 20. Kf1 a5
21. a4 Rab8 22. Re1 Rhe8 23. Rxe8 Rxe8 24. Ne5 Bd2 25. Nd3 {Partida ilegible}
1-0

[Event "Lliga Catalana DH Final B"]
[Site "?"]
[Date "2015.04.11"]
[Round "10.3"]
[White "Exposito Amaro, J."]
[Black "Hernando Rodrigo, JA."]
[Result "1/2-1/2"]
[WhiteElo "2439"]
[BlackElo "2400"]
[PlyCount "26"]
[EventDate "2015.??.??"]
[EventType "team"]

1. d4 Nf6 2. Nc3 d5 3. Bg5 e6 4. Nf3 Be7 5. Bxf6 Bxf6 6. e4 O-O 7. Qd2 Be7 8.
Bd3 dxe4 9. Nxe4 Nd7 10. O-O-O c5 11. Nxc5 Nxc5 12. dxc5 Qd5 13. Kb1 Qxc5
1/2-1/2

[Event "Lliga Catalana DH Final B"]
[Site "?"]
[Date "2015.04.11"]
[Round "10.4"]
[White "Escandell Mari, JC."]
[Black "Cervello Tost, F."]
[Result "1-0"]
[WhiteElo "2386"]
[BlackElo "2318"]
[PlyCount "87"]
[EventDate "2015.??.??"]
[EventType "team"]

1. e4 c6 2. d4 d5 3. e5 c5 4. dxc5 Nc6 5. Nf3 Bg4 6. c3 e6 7. Be3 Bxf3 8. Qxf3
Nxe5 9. Bb5+ Nc6 10. O-O Nf6 11. c4 Be7 12. Nc3 O-O 13. cxd5 exd5 14. Rfd1 Qa5
15. a3 a6 16. b4 Nxb4 17. axb4 Qxb4 18. Nxd5 Nxd5 19. Rab1 Qa3 20. Ra1 Nxe3 21.
Rxa3 Nxd1 22. Bd3 Nb2 23. Bc2 g6 24. Rb3 Nc4 25. Rxb7 Bxc5 26. Rc7 Rae8 27. g3
Ne5 28. Qd5 Rd8 29. Qxc5 Nf3+ 30. Kg2 Ne1+ 31. Kf1 Nf3 32. h4 Rfe8 33. Re7 Rf8
34. h5 Nh2+ 35. Kg2 Ng4 36. Qg5 Rd4 37. Re4 Rxe4 38. Bxe4 f5 39. hxg6 Nf6 40.
gxh7+ Kh8 41. Bxf5 a5 42. Qh6 Rf7 43. Be6 Ng4 44. Bxg4 1-0

[Event "Lliga Catalana DH Final B"]
[Site "?"]
[Date "2015.04.11"]
[Round "10.5"]
[White "Ayza Leon, D."]
[Black "Garcia Acosta, R."]
[Result "1-0"]
[WhiteElo "2301"]
[BlackElo "2216"]
[PlyCount "73"]
[EventDate "2015.??.??"]
[EventType "team"]

1. e4 e5 2. Nf3 Nc6 3. Bc4 Bc5 4. b4 Bxb4 5. c3 Bd6 6. d4 Nf6 7. O-O O-O 8. Re1
a6 9. a4 h6 10. Nbd2 Rb8 11. Nf1 b5 12. axb5 axb5 13. Bb3 Re8 14. Ng3 b4 15. d5
Ne7 16. c4 c5 17. Nh4 Ng6 18. Nhf5 Qb6 19. Qf3 Bf8 20. h4 Ne7 21. Nxe7+ Rxe7
22. Nf5 Re8 23. g4 Rd8 24. Kg2 Nh7 25. Rh1 Qg6 26. Qg3 d6 27. Ra7 Rd7 28. Ra2
Nf6 29. f3 h5 30. g5 Ne8 31. f4 exf4 32. Qxf4 f6 33. Rf2 Rf7 34. Kf1 Ra8 35.
Bb2 fxg5 36. hxg5 Qh7 37. Ne7+ 1-0

[Event "Lliga Catalana DH Final B"]
[Site "?"]
[Date "2015.04.11"]
[Round "10.6"]
[White "Comallonga Fernandez, J."]
[Black "Serra Fontova, F."]
[Result "0-1"]
[WhiteElo "2153"]
[BlackElo "2272"]
[PlyCount "72"]
[EventDate "2015.??.??"]
[EventType "team"]

1. d4 Nf6 2. Nf3 g6 3. c4 Bg7 4. Nc3 O-O 5. g3 d6 6. Bg2 Nc6 7. O-O a6 8. h3
Rb8 9. e4 b5 10. cxb5 axb5 11. d5 Na5 12. Nd4 Bd7 13. Nce2 Qc8 14. Qe1 Qa6 15.
Bd2 Nc4 16. b3 Ne5 17. Bf4 c5 18. Bxe5 dxe5 19. Nc2 Ne8 20. g4 Nd6 21. Ng3 Rfc8
22. Qe3 Rc7 23. Rfc1 Rbc8 24. Bf1 Qa5 25. a3 c4 26. b4 Qa7 27. Qc3 Rf8 28. Ne3
Qd4 29. Bg2 Bh6 30. Ne2 Qa7 31. Qxe5 Bxe3 32. fxe3 Qxe3+ 33. Kf1 f5 34. gxf5
Nxf5 35. Ke1 Nh4 36. Bh1 Bxh3 0-1

[Event "Lliga Catalana DH Final B"]
[Site "?"]
[Date "2015.04.11"]
[Round "10.8"]
[White "Jimenez Ruano, A."]
[Black "Povill Claros, X."]
[Result "1/2-1/2"]
[WhiteElo "2147"]
[BlackElo "2240"]
[PlyCount "117"]
[EventDate "2015.??.??"]
[EventType "team"]

1. d4 d6 2. c4 e5 3. d5 f5 4. Nc3 Nf6 5. Bg5 Be7 6. Bxf6 Bxf6 7. e4 O-O 8. Bd3
Na6 9. a3 Nc5 10. b4 fxe4 11. Nxe4 Nxe4 12. Bxe4 g6 13. Qd3 a5 14. h4 Bf5 15.
h5 Qe7 16. hxg6 hxg6 17. g4 Bxe4 18. Qxe4 axb4 19. Rh6 Qf7 20. Rh3 Bg5 21. Rf3
Qg7 22. a4 Rxf3 23. Nxf3 Qf6 24. Ke2 Kg7 25. a5 Qf4 26. Qxf4 Bxf4 27. Ra4 b3
28. Kd3 Ra6 29. Kc3 b6 30. Kxb3 bxa5 31. Kc3 e4 32. Ne1 Be5+ 33. Kd2 Bd4 34. f3
e3+ 35. Kd3 Bb6 36. Ng2 Ra8 37. Nxe3 Rf8 38. c5 Bxc5 39. f4 Bb4 40. Ke4 Re8+
41. Kd3 Bc5 42. Nc2 Bb6 43. Re4 Ra8 44. Ra4 Rh8 45. Ke4 Rh2 46. Nd4 Rb2 47.
Ne6+ Kf7 48. Rc4 Re2+ 49. Kd3 Re3+ 50. Kd2 Rxe6 51. dxe6+ Kxe6 52. Re4+ Kf6 53.
Re8 d5 54. Rb8 Ke6 55. Kd3 Bc5 56. Ra8 Bb6 57. Rg8 Kf7 58. Rb8 Ke6 59. Rg8
1/2-1/2

[Event "Lliga Catalana DH Final B"]
[Site "?"]
[Date "2015.04.11"]
[Round "10.9"]
[White "Subirachs Mancebo, G."]
[Black "Lanau Garcia, F."]
[Result "1/2-1/2"]
[WhiteElo "2213"]
[BlackElo "2097"]
[PlyCount "52"]
[EventDate "2015.??.??"]
[EventType "team"]

1. e4 d6 2. Nc3 Nf6 3. g3 g6 4. Bg2 Bg7 5. Nge2 O-O 6. O-O e5 7. h3 c6 8. d4
Be6 9. a4 a5 10. Be3 Bc4 11. Re1 Bxe2 12. Rxe2 Qe7 13. g4 Na6 14. f4 exd4 15.
Bxd4 Rfd8 16. Qd2 Nd7 17. g5 h5 18. Bxg7 Kxg7 19. Rd1 Ndc5 20. Qd4+ Kg8 21. Qf2
Nc7 22. h4 Rab8 23. Kh2 b5 24. e5 d5 25. b3 bxa4 26. bxa4 Rb4 1/2-1/2

[Event "Lliga Catalana DH Final B"]
[Site "?"]
[Date "2015.04.11"]
[Round "10.7"]
[White "Ezquerro Luque, A."]
[Black "Grau Garsaball, J."]
[Result "1-0"]
[WhiteElo "2265"]
[BlackElo "2132"]
[PlyCount "43"]
[EventDate "2015.??.??"]
[EventType "team"]

1. e4 d5 2. Nc3 dxe4 3. Nxe4 Nf6 4. Nxf6+ exf6 5. Nf3 Bd6 6. Be2 O-O 7. O-O Bg4
8. d4 Re8 9. Re1 c6 10. c3 Qc7 11. h3 Bh5 12. Nh4 Bxe2 13. Rxe2 Nd7 14. Nf5 Bf4
15. Qe1 Rxe2 16. Qxe2 Bxc1 17. Rxc1 Qf4 18. Ne7+ Kf8 19. Re1 Qd6 20. Nf5 Qd5
21. Qe7+ Kg8 22. Qe8+ 1-0

[Event "Lliga Catalana DH Final B"]
[Site "?"]
[Date "2015.04.11"]
[Round "10.10"]
[White "Garcia Valero, M."]
[Black "Lopez Perdomo, JD."]
[Result "1/2-1/2"]
[WhiteElo "2025"]
[BlackElo "2184"]
[PlyCount "121"]
[EventDate "2015.??.??"]
[EventType "team"]

1. e4 c5 2. Nf3 d6 3. d4 cxd4 4. Nxd4 Nf6 5. Nc3 a6 6. Be2 e5 7. Nf3 Be7 8. O-O
h6 9. a4 b6 10. Qd3 Bb7 11. Rd1 Nbd7 12. Be3 Qc7 13. h3 Rc8 14. Nh4 Nc5 15.
Bxc5 dxc5 16. Nf5 g6 17. Nd6+ Bxd6 18. Qxd6 Qxd6 19. Rxd6 Rc6 20. Rad1 Ke7 21.
R6d2 Rc7 22. f4 exf4 23. e5 Nd7 24. Nd5+ Bxd5 25. Rxd5 Ra8 26. Bg4 Raa7 27. Kf2
b5 28. a5 c4 29. g3 fxg3+ 30. Kxg3 h5 31. Bf3 Rc5 32. Kf4 Nf8 33. h4 Rxd5 34.
Rxd5 Ne6+ 35. Ke3 Ng7 36. Be4 Ke6 37. Kf4 Nf5 38. Rd8 Ke7 39. Ra8 Rxa8 40. Bxa8
Nd4 41. Bb7 Ne6+ 42. Ke3 Nc5 43. Bd5 f6 44. exf6+ Kxf6 45. b4 cxb3 46. cxb3 Kf5
47. b4 Ne6 48. Bb7 Nc7 49. Be4+ Ke5 50. Bxg6 Nd5+ 51. Kf3 Nxb4 52. Be8 Nc2 53.
Ke2 Nd4+ 54. Kd1 b4 55. Bxh5 Nc6 56. Be8 Nxa5 57. h5 Nc4 58. Bc6 Ne3+ 59. Kc1
Nf5 60. Kb2 Kd4 61. Ba4 1/2-1/2

[Event "Lliga Catalana DH Final B"]
[Site "?"]
[Date "2015.04.18"]
[Round "11.1"]
[White "Garriga Cazorla, P."]
[Black "Matnadze, A."]
[Result "1-0"]
[WhiteElo "2416"]
[BlackElo "2499"]
[PlyCount "73"]
[EventDate "2015.??.??"]
[EventType "team"]

1. Nf3 Nf6 2. c4 e6 3. Nc3 d5 4. d4 g6 5. Bg5 Bg7 6. e3 O-O 7. Rc1 c6 8. Bd3
Nbd7 9. O-O Qa5 10. Bf4 Re8 11. h3 Qb4 12. Qe2 dxc4 13. Bxc4 Nd5 14. Bg3 Nxc3
15. bxc3 Qe7 16. e4 h6 17. Bb3 a5 18. e5 b5 19. Nd2 Ba6 20. Ne4 a4 21. Bc2 b4
22. c4 Nb6 23. Nd6 Red8 24. Be4 Nd5 25. Qd2 b3 26. cxd5 Bxf1 27. dxc6 Qc7 28.
Rxf1 a3 29. d5 b2 30. dxe6 fxe6 31. Qc2 Ra5 32. Qc4 Kf8 33. Qxe6 Rc5 34. Bf4 g5
35. Bh7 Bxe5 36. Qg8+ Ke7 37. Nf5+ 1-0

[Event "Lliga Catalana DH Final B"]
[Site "?"]
[Date "2015.04.18"]
[Round "11.2"]
[White "Cervello Tost, F."]
[Black "Fernandez Diaz, C."]
[Result "1/2-1/2"]
[WhiteElo "2318"]
[BlackElo "2336"]
[PlyCount "52"]
[EventDate "2015.??.??"]
[EventType "team"]

1. Nf3 Nf6 2. g3 g6 3. Bg2 Bg7 4. d4 O-O 5. O-O d6 6. c4 Nc6 7. Nc3 e5 8. d5
Ne7 9. b4 Nf5 10. e4 Nd4 11. Nxd4 exd4 12. Ne2 Nxe4 13. Nxd4 Nc3 14. Qd2 Bxd4
15. Bb2 Qf6 16. Rae1 Nb5 17. Bc1 Bc3 18. Qh6 Bxe1 19. Rxe1 Nd4 20. g4 Bxg4 21.
Bg5 Nf5 22. Qxf8+ Kxf8 23. Bxf6 Re8 24. Rxe8+ Kxe8 25. f3 Bh5 26. Kf2 Ne7
1/2-1/2

[Event "Lliga Catalana DH Final B"]
[Site "?"]
[Date "2015.04.18"]
[Round "11.3"]
[White "Montilla Carrillo, E."]
[Black "Serra Fontova, F."]
[Result "1-0"]
[WhiteElo "2295"]
[BlackElo "2272"]
[PlyCount "55"]
[EventDate "2015.??.??"]
[EventType "team"]

1. d4 Nf6 2. Nf3 g6 3. g3 Bg7 4. Bg2 O-O 5. O-O c5 6. d5 d6 7. c4 b5 8. cxb5 a6
9. b6 Nbd7 10. Nc3 Nxb6 11. e4 a5 12. Re1 Nfd7 13. Rb1 a4 14. Qc2 Ne5 15. Nxe5
Bxe5 16. Bh6 Re8 17. Kh1 Ba6 18. f4 Bh8 19. e5 Nc4 20. e6 f5 21. g4 Qa5 22.
gxf5 Nxb2 23. fxg6 Bd3 24. gxh7+ Kxh7 25. Be4+ Bxe4+ 26. Nxe4 Kxh6 27. Rg1 Rg8
28. Qf2 1-0

[Event "Lliga Catalana DH Final B"]
[Site "?"]
[Date "2015.04.18"]
[Round "11.4"]
[White "Garcia Ramos, D."]
[Black "Morros Faura, R."]
[Result "1/2-1/2"]
[WhiteElo "2260"]
[BlackElo "2289"]
[PlyCount "99"]
[EventDate "2015.??.??"]
[EventType "team"]

1. e4 c5 2. Nc3 Nc6 3. g3 g6 4. Bg2 Bg7 5. d3 Rb8 6. Be3 Nd4 7. Qd2 b5 8. Nd1
e5 9. c3 Ne6 10. Ne2 b4 11. O-O Nf6 12. f4 bxc3 13. bxc3 Qa5 14. Nf2 exf4 15.
gxf4 O-O 16. Ng3 Ne8 17. Rac1 f5 18. Rfd1 Nd6 19. e5 Nb5 20. d4 Na3 21. Bf1 c4
22. Bg2 Bb7 23. d5 Nc5 24. Bd4 Rfe8 25. Qe3 Na4 26. e6 d6 27. Bxg7 Kxg7 28.
Qd4+ Kg8 29. Qf6 Qc7 30. Ne2 Qe7 31. Qxe7 Rxe7 32. Nd4 Kg7 33. Rd2 Kf6 34. Nd1
Rc8 35. Ne3 Rc5 36. Re2 Nb6 37. Rb2 Nxd5 38. Rxb7 Nxe3 39. Rb8 Nxg2 40. Kxg2 a6
41. Rb6 Nb5 42. Rxa6 Nxd4 43. cxd4 Rb5 44. Rxd6 Rxe6 45. Rxe6+ Kxe6 46. Rxc4
Rb2+ 47. Kg3 Rxa2 48. Rc7 Rd2 49. Rxh7 Rxd4 50. Ra7 1/2-1/2

[Event "Lliga Catalana DH Final B"]
[Site "?"]
[Date "2015.04.18"]
[Round "11.6"]
[White "Povill Claros, X."]
[Black "Garcia Marin, G."]
[Result "1-0"]
[WhiteElo "2240"]
[BlackElo "2250"]
[PlyCount "83"]
[EventDate "2015.??.??"]
[EventType "team"]

1. e4 e5 2. Nf3 Nc6 3. Bb5 Nge7 4. Nc3 d6 5. O-O Bd7 6. d3 Ng6 7. Be3 Be7 8.
Nd5 O-O 9. c3 Nb8 10. Bc4 Be6 11. Qb3 b6 12. d4 Bg4 13. Nxe7+ Qxe7 14. Nd2 Nc6
15. Bd3 Qf6 16. f3 Bd7 17. d5 Na5 18. Qc2 Nf4 19. b4 Nb7 20. Ba6 Nd8 21. Nb3
Qg5 22. Kh1 Qh5 23. Bxf4 exf4 24. Nd4 f5 25. exf5 Bxf5 26. Nxf5 Rxf5 27. Rae1
Nf7 28. Re7 Ne5 29. Rxc7 Rf6 30. Rc8+ Rxc8 31. Bxc8 g5 32. Qe4 Qh4 33. h3 Rh6
34. Be6+ Kg7 35. c4 Qg3 36. c5 bxc5 37. bxc5 g4 38. Bxg4 Nxg4 39. fxg4 Rf6 40.
cxd6 f3 41. Qe7+ Rf7 42. Qxf7+ 1-0

[Event "Lliga Catalana DH Final B"]
[Site "?"]
[Date "2015.04.18"]
[Round "11.7"]
[White "Romero Perera, E."]
[Black "Subirachs Mancebo, G."]
[Result "1/2-1/2"]
[WhiteElo "2180"]
[BlackElo "2213"]
[PlyCount "100"]
[EventDate "2015.??.??"]
[EventType "team"]

1. d4 Nf6 2. c4 Nc6 3. Nf3 e6 4. Nc3 Bb4 5. Qc2 Qe7 6. Bd2 O-O 7. a3 Bxc3 8.
Bxc3 d6 9. e3 e5 10. d5 Nb8 11. Be2 Nbd7 12. O-O Ne8 13. e4 f5 14. exf5 Nc5 15.
b4 Bxf5 16. Qd1 Ne4 17. Bb2 g5 18. Ne1 Ng7 19. f3 Nf6 20. Qd2 h6 21. Nc2 Bg6
22. Bd3 Nf5 23. Ne3 Qh7 24. Rad1 Rf7 25. Nxf5 Bxf5 26. Bxf5 Qxf5 27. Qd3 Qxd3
28. Rxd3 Nh5 29. Bc1 Raf8 30. Re1 Nf4 31. Bxf4 Rxf4 32. Rc1 b6 33. h3 e4 34.
fxe4 Rxe4 35. c5 bxc5 36. bxc5 h5 37. cxd6 cxd6 38. Rc7 Re1+ 39. Kh2 Rf7 40.
Rdc3 Rd1 41. Rxf7 Kxf7 42. Rc7+ Kf6 43. Rxa7 Rxd5 44. a4 Rd1 45. a5 h4 46. a6
Ra1 47. Ra8 Ke5 48. a7 Kd4 49. Rd8 Rxa7 50. Rxd6+ Ke5 1/2-1/2

[Event "Lliga Catalana DH Final B"]
[Site "?"]
[Date "2015.04.18"]
[Round "11.8"]
[White "Garcia Castellote, D."]
[Black "Morais Carreras, J."]
[Result "1-0"]
[WhiteElo "2159"]
[BlackElo "2093"]
[PlyCount "95"]
[EventDate "2015.??.??"]
[EventType "team"]

1. e4 e5 2. Nf3 Nf6 3. Nxe5 d6 4. Nf3 Nxe4 5. Nc3 Nxc3 6. dxc3 Be7 7. Bf4 Nc6
8. Qd2 Be6 9. O-O-O Bxa2 10. b3 a5 11. Kb2 a4 12. Kxa2 axb3+ 13. Kxb3 Ra5 14.
Kb2 Qa8 15. Bc4 d5 16. Bxc7 b6 17. Rhe1 O-O 18. Rxe7 dxc4 19. Qe2 Rb5+ 20. Kc1
Qa3+ 21. Kd2 Qxe7 22. Qxe7 Nxe7 23. Nd4 Rh5 24. Bd6 Re8 25. Re1 Kf8 26. Bb4 Rd5
27. Kc1 Rd7 28. Nc6 Rc7 29. Nxe7 Rexe7 30. Rxe7 Rxe7 31. Kb2 Ke8 32. Bxe7 Kxe7
33. Ka3 Kd6 34. Kb4 g6 35. Kxc4 Kc6 36. Kb4 f6 37. f3 h6 38. Kc4 h5 39. h4 g5
40. g3 gxh4 41. gxh4 f5 42. Kd4 Kd6 43. f4 Ke6 44. c4 Kd6 45. c3 Ke6 46. c5 b5
47. c6 Kd6 48. c7 1-0